000 00460 a2200109 4500
005 20260327155525.0
100 _aSaptahik Vivek
_9217348
245 _aआधुनिक महाराष्ट्राची जडणघडण शिल्पकार चरित्रकोश खंड : १२ उद्योग,अर्थकारण ,क्रीडा
250 _a1st
260 _bSaptahik Vivek Hindusthan Prakashan Samstha
_c2026
942 _cAR
999 _c370803
_d370803